{"text_format":"3","workbook":"xlsx","n_sheets":3,"sheets":["Sheet1","Sheet2","Sheet3"],"read":"whole","date_system":"1900"}

{"sheet":"Sheet1","index":0,"n_rows":23,"n_cols":9,"rows_kept":23,"merged":[[0,0,0,8],[1,1,1,2],[1,3,1,4],[2,0,20,0],[2,1,2,2],[2,3,2,4],[2,9,5,9],[3,1,3,2],[3,3,3,4],[4,1,4,2],[4,3,4,4],[5,1,5,2],[5,3,5,4],[6,1,6,2],[6,3,6,4],[7,1,7,2],[7,3,7,4],[8,1,8,2],[8,3,8,4],[9,1,9,2],[9,3,9,4],[10,1,10,2],[10,3,10,4],[11,1,11,2],[11,3,11,4],[12,1,12,2],[12,3,12,4],[13,1,13,2],[13,3,13,4],[14,1,14,2],[14,3,14,4],[15,1,15,2],[15,3,15,4],[16,1,16,2],[16,3,16,4],[17,1,17,2],[17,3,17,4],[18,1,18,2],[18,3,18,4],[19,1,19,2],[19,3,19,4],[20,1,20,2],[20,3,20,4],[21,0,21,7],[22,2,22,8]]}
["电梯更换配件清单"]
["电梯编号","作业内容",null,"型号规格",null,"单位","数量","单价（元）","合计（元）"]
["住宅六部电梯","曳引钢丝绳",null,"Φ10\nP185012c000-01L190",null,"台",1000,{"v":12.8,"d":"12.80"},{"$f":"G3*H3","v":{"v":12800,"d":"12,800.00"}}]
[null,"曳引轮",null,"P101041A234-33",null,"副",3,{"v":6250,"d":"6250.00"},{"$f":"G4*H4","v":{"v":18750,"d":"18,750.00"}}]
[null,"门机板",null,"P23175B000G",null,"张",1,{"v":7230,"d":"7230.00"},{"v":7230,"d":"7,230.00"}]
[null,"涨紧轮",null,"原装组件",null,"套",1,{"v":900,"d":"900.00"},{"v":900,"d":"900.00"}]
[null,"主轨导靴",null,"三菱原装",null,"副",24,{"v":536,"d":"536.00"},{"v":12864,"d":"12,864.00"}]
[null,"副轨导靴",null,"三菱原装",null,"副",24,{"v":82,"d":"82.00"},{"v":1968,"d":"1,968.00"}]
[null,"层门传动钢丝绳",null,"三菱原装",null,"副",18,{"v":45,"d":"45.00"},{"v":810,"d":"810.00"}]
[null,"层门锁",null,"原装带副锁",null,"套",18,{"v":580,"d":"580.00"},{"v":10440,"d":"10,440.00"}]
[null,"补偿链防腐",null,"油漆、漆刷等",null,"套",1,{"v":110,"d":"110.00"},{"v":110,"d":"110.00"}]
[null,"门挂板",null,"161门挂板组件",null,"副",12,{"v":850,"d":"850.00"},{"v":10200,"d":"10,200.00"}]
[null,"涨紧轮轴承",{"$nulls":3},"只",12,{"v":26,"d":"26.00"},{"v":312,"d":"312.00"}]
[null,"液压缓冲器油",null,"专用ZOB",null,"桶",4,{"v":400,"d":"400.00"},{"v":1600,"d":"1,600.00"}]
[null,"涨紧轮开关",null,"原装EL开关",null,"只",6,{"v":75,"d":"75.00"},{"v":450,"d":"450.00"}]
[null,"液压缓冲器开关",null,"原装LXP1",null,"只",12,{"v":100,"d":"100.00"},{"v":1200,"d":"1,200.00"}]
[null,"对重护板",{"$nulls":3},"张",12,{"v":190,"d":"190.00"},{"v":2280,"d":"2,280.00"}]
[null,"轨道矫正",null,"人工及辅材",null,"台",6,10500,{"v":63000,"d":"63,000.00"}]
[null,"制动器",null,"原装P101041A",null,"套",1,{"v":6360,"d":"6360.00"},{"v":6360,"d":"6,360.00"}]
[null,"人工",{"$nulls":3},"部",6,{"v":2000,"d":"2000.00"},{"v":12000,"d":"12,000.00"}]
[null,"税金",null,{"v":0.13,"d":"13%"},{"$nulls":4},{"$f":"SUM(I3:I20)*0.13","v":{"v":21225.62,"d":"21,225.62"}}]
["合计：",{"$nulls":7},{"$f":"SUM(I3:I21)","v":{"v":184499.62,"d":"￥184,499.62"}}]
["合同总价:",{"$f":"I22","v":{"v":184499.62,"d":"¥184,499.62"}},{"$f":"CONCATENATE(\"大写人民币\",IF(B23=0,\"\",IF(ABS(B23)<0.995,\"\",TEXT(INT(ROUND(ABS(B23),2)),\"[DBNum2]\")&\"元\")&IF(RIGHT(TEXT(B23,\".00\"),2)*1=0,IF(ABS(B23)<0.005,\"\",\"整\"),TEXT(IF(ABS(B23)<0.095,\"\",LEFT(RIGHT(TEXT(B23,\".00\"),2))),\"[dbnum2]\")&IF(LEFT(RIGHT(TEXT(B23,\".00\"),2))*1=0,\"\",\"角\")&IF(RIGHT(TEXT(B23,\".00\"))*1=0,\"整\",TEXT(RIGHT(TEXT(B23,\".00\")),\"[dbnum2]\")&\"分\"))))","v":"大写人民币壹拾捌万肆仟肆佰玖拾玖元陆角贰分"}]

{"sheet":"Sheet2","index":1,"n_rows":0,"n_cols":0,"rows_kept":0}

{"sheet":"Sheet3","index":2,"n_rows":0,"n_cols":0,"rows_kept":0}